| 000 | 01118nam a2200277 a 4500 | ||
|---|---|---|---|
| 001 | 000006068 | ||
| 005 | 20260521113250.0 | ||
| 008 | 090826s1999 dr r 000 0 spa d | ||
| 040 |
_aDO-SdBNP _bspa _cBNPHU |
||
| 082 |
_a365.6 _bP965p |
||
| 245 | 0 | 0 |
_aPropuestas para una política penitenciaria dominicana / _cCesar Pina Toribio... [et al.]. |
| 260 |
_aSanto Domingo : _bCAMU, _c1999. |
||
| 300 |
_a173 p. ; _c22 cm. |
||
| 490 | 1 |
_aCuadernos de la reforma penitenciaria _v1 |
|
| 500 | _aLa biblioteca posee el v.1 | ||
| 504 | _aIncluye referencias bibliográficas y notas al pie de las páginas | ||
| 590 | _aInventariado, 2018/BT | ||
| 650 | 0 |
_aTrabajo en las prisiones _917082 |
|
| 650 | 4 |
_aPrisiones _zLegislación _917083 |
|
| 650 | 4 |
_aEducación de presos _917084 |
|
| 650 | 4 |
_aDisciplina de prisiones _917085 |
|
| 700 | 1 | 2 |
_aFernández Rodríguez, Aura Celeste, _d1959- _epról. _976547 |
| 710 | 1 |
_aRepública Dominicana. _bComisionado de Apoyo a la Reforma y Modernización de la Justicia _917179 |
|
| 830 | 0 |
_aCuadernos de la reforma penitenciaria _n1 _917087 |
|
| 910 | _aValidado. Control de calidad. MFF | ||
| 999 |
_c5864 _d5864 |
||